La formación del profesorado y la lucha por la justicia social

সংরক্ষণ করুন:
গ্রন্থ-পঞ্জীর বিবরন
প্রধান লেখক: Zeichner, Kenneth M (Author)
বিন্যাস: গ্রন্থ
ভাষা:স্প্যানিশ
প্রকাশিত: Madrid, España: Ediciones Morata S.L, 2010
বিষয়গুলি:
ট্যাগগুলো: ট্যাগ যুক্ত করুন
কোনো ট্যাগ নেই, প্রথমজন হিসাবে ট্যাগ করুন!

MARC

LEADER 00000cam a2200000 a 4500
001 UCE7299
003 CL-VaPUC
005 20211215132732.0
008 150605e20100000sp |||||||||||||||||spa|d
999 |c 359400  |d 359398 
020 |a 9788471126313 
040 |c Pontificia Universidad Católica de Valparaíso 
082 0 4 |a 371.12 ZEI 2010  |2 21 
100 0 |a Zeichner, Kenneth M  |e author  |9 579989 
245 1 3 |a La formación del profesorado y la lucha por la justicia social 
260 |a Madrid, España:   |b Ediciones Morata S.L,  |c 2010 
300 |a 262 páginas  
583 |a last modification  |c 20150605 14:50:00  |k Rodrigo Vera 
650 0 |a Formación profesional de profesores  |9 307493 
650 0 |a Justicia social  |9 314874 
942 |c BK  |2 ddc 
945 |d 20150605 14:50:00  |a dcastane 
952 |0 0  |1 0  |3 erb  |4 0  |6 371_120000000000000_ZEI_2010  |7 0  |8 A  |9 468578  |a FDOPOS  |b FDOPOS  |i 5162416  |o 371.12 ZEI 2010  |p 5162416  |r 2025-01-22  |w 2019-11-23  |y BK  |z Catalogado en:20150605  |k MED 
952 |0 0  |1 0  |2 ddc  |4 0  |6 371_120000000000000_ZEI_2010  |7 0  |8 A  |9 577015  |a BIBTEO  |b BIBTEO  |d 2020-11-26  |e 3  |g 28167.00  |i 557854K  |o 371.12 ZEI 2010  |p 557854K  |r 2025-01-17  |t 2  |v 28167.00  |w 2020-11-26  |y BK  |k ICR